[Event "AUTO-MASTER-2058"]
[Site "http://www.queenalice.com/game.php?id=1268214"]
[Date "2014.3.26"]
[Round "1"]
[White "JailtonMaster"]
[Black "lrmaster"]
[Result "0-1"]
[WhiteElo "2102"]
[BlackElo "2263"]

1. e4 e5 2. Nf3 d6 3. d4 exd4 4. Nxd4 Nf6 5. Nc3 h6 6. Bc4 Be7 7. O-O O-O 8. h3
Bd7 9. Be3 a6 10. f4 Nc6 11. Nxc6 Bxc6 12. Bd3 Re8 13. e5 Nd7 14. exd6 Bxd6 15.
Qd2 Nc5 16. Bxc5 Bxc5+ 17. Kh1 Qh4 18. Rae1 Qxh3# 0-1

[Event "AUTO-MASTER-2058"]
[Site "http://www.queenalice.com/game.php?id=1268215"]
[Date "2014.3.26"]
[Round "1"]
[White "lrmaster"]
[Black "JailtonMaster"]
[Result "0-1"]
[WhiteElo "2258"]
[BlackElo "2130"]

1. d4 c5 2. c3 e6 3. Nf3 Nc6 4. e4 cxd4 5. cxd4 d5 6. e5 a6 7. a3 b5 8. Be2 Bb7
9. O-O Rc8 10. h3 Nge7 11. Bg5 h6 12. Bh4 Qb6 13. Bxe7 Bxe7 14. Re1 Na5 15. Nbd2
Nc4 16. Nxc4 dxc4 17. Qd2 Rd8 18. Red1 O-O 19. Ne1 Bg5 20. f4 Be7 21. Nc2 Be4
22. Kh1 Bxc2 23. Qxc2 Rxd4 24. Rf1 Rfd8 25. Rad1 Qc5 26. g3 Qd5+ 27. Kg1 Bc5 28.
Rxd4 Qxd4+ 29. Kh1 Qd2 30. Qd1 Be3 31. Bf3 Rd3 32. Qxd2 Rxd2 33. Bb7 Rxb2 34.
Bxa6 c3 0-1

[Event "AUTO-MASTER-2058"]
[Site "http://www.queenalice.com/game.php?id=1268223"]
[Date "2014.3.26"]
[Round "1"]
[White "franz_ferdinand"]
[Black "lrmaster"]
[Result "0-1"]
[WhiteElo "1912"]
[BlackElo "2261"]

1. e4 e5 2. Nf3 d6 3. d4 exd4 4. Bc4 h6 5. Nxd4 Nf6 6. f3 Be7 7. O-O O-O 8. Be3
a6 9. c3 Bd7 10. Nd2 Nc6 0-1

[Event "AUTO-MASTER-2003"]
[Site "http://www.queenalice.com/game.php?id=1285996"]
[Date "2014.6.4"]
[Round "2"]
[White "Alexandrovinsk"]
[Black "lrmaster"]
[Result "1/2-1/2"]
[WhiteElo "2058"]
[BlackElo "2263"]

1. d4 d5 2. Nf3 h6 3. g3 Nf6 4. Bg2 e6 5. c4 c6 6. Nbd2 Be7 7. b3 O-O 8. O-O
Nbd7 9. Qc2 b6 10. Bb2 Bb7 11. Ne5 Nxe5 12. dxe5 Nd7 13. e4 dxc4 14. Nxc4 Qc7
15. Rad1 Ba6 16. f4 Bxc4 17. Qxc4 Nc5 18. Rd2 Rfd8 19. Rfd1 Rxd2 20. Rxd2 Rd8
21. Rxd8+ Qxd8 22. Qd4 Qc8 23. b4 Na6 24. a3 c5 25. Qc4 Nb8 26. b5 Qd8 27. Qc2
Nd7 28. a4 Nf8 29. Bf1 Qd7 30. Qd3 Qxd3 31. Bxd3 Nd7 32. Kf2 Kf8 33. Ke3 Ke8 34.
Kf3 Kd8 35. Kg4 g6 36. f5 h5+ 37. Kf3 g5 38. g4 h4 39. Bc4 exf5 40. gxf5 Ke8 41.
f6 Bd8 42. Kg4 Bc7 43. Kf5 g4 44. Kxg4 Bxe5 45. Bc1 Bxf6 46. Kf5 Be5 47. h3 Bg3
48. Bb2 Ke7 49. e5 Nf8 50. Bc1 Ne6 51. Bxe6 fxe6+ 52. Ke4 Kf7 53. Bg5 Ke8 54.
Bf6 Kd7 55. Kf3 Kc7 56. Kg4 Kb7 57. Kf3 a6 58. Ke4 axb5 59. axb5 Kc7 60. Bg5
1/2-1/2

[Event "AUTO-MASTER-2003"]
[Site "http://www.queenalice.com/game.php?id=1285997"]
[Date "2014.6.4"]
[Round "2"]
[White "lrmaster"]
[Black "Alexandrovinsk"]
[Result "1-0"]
[WhiteElo "2271"]
[BlackElo "2048"]

1. e4 c5 2. Bc4 d6 3. h3 Nf6 4. d3 Nc6 5. a3 e6 6. Nf3 Be7 7. O-O O-O 8. Re1 a6
9. Nc3 b5 10. Ba2 Bb7 11. Bd2 h6 12. Ne2 Qc7 13. b4 cxb4 14. axb4 a5 15. bxa5
Nxa5 16. Ned4 Bc6 17. Qb1 Rfb8 18. Bxa5 Rxa5 19. Nxc6 Qxc6 20. c4 Nd7 21. Qc2 b4
22. Rab1 Nc5 23. Nd4 Qa6 24. Bb3 Bf6 25. Nb5 Raxb5 26. cxb5 Qxb5 27. Red1 Bc3
28. Bc4 Qb7 29. Rdc1 Qa7 30. Qa2 Ra8 31. Qxa7 Rxa7 32. Kf1 Kf8 33. Ke2 Ke7 34.
Ke3 e5 35. g3 Ra3 36. f4 f6 37. fxe5 dxe5 38. Ke2 Ne6 39. Bxe6 Kxe6 40. Rc2 Kd6
41. g4 Kc5 42. Rbc1 Kd4 43. h4 Ra4 44. h5 Ra3 45. Rb1 b3 46. Rcc1 b2 47. Rxb2
Ra4 48. Rbc2 Ra3 49. Rb1 Ra4 50. Rb3 Ba5 51. Rb5 1-0

[Event "AUTO-MASTER-2003"]
[Site "http://www.queenalice.com/game.php?id=1286000"]
[Date "2014.6.4"]
[Round "2"]
[White "lrmaster"]
[Black "CCapivara"]
[Result "1-0"]
[WhiteElo "2250"]
[BlackElo "2162"]

1. d4 d5 2. Bf4 e6 3. Nf3 Nf6 4. h3 Bd6 5. Bxd6 Qxd6 6. a3 O-O 7. e3 c5 8. dxc5
Qxc5 9. Be2 Nc6 10. O-O b5 11. b4 Qb6 12. Nbd2 Bb7 13. Nb3 Ne4 14. Bd3 f5 15.
Bxe4 fxe4 16. Nfd4 Nxd4 17. exd4 Rf6 18. Nc5 Raf8 19. Qe2 Bc8 20. c3 a6 21. a4
Rg6 22. axb5 axb5 23. Kh1 Qd8 24. f3 exf3 25. Rxf3 Re8 26. Qxb5 Rf6 27. Raf1
Ref8 28. Qe2 Rxf3 29. Rxf3 Rxf3 30. Qxf3 Qb6 31. Qe2 Kf7 32. Qh5+ 1-0

[Event "AUTO-MASTER-2003"]
[Site "http://www.queenalice.com/game.php?id=1286001"]
[Date "2014.6.4"]
[Round "2"]
[White "CCapivara"]
[Black "lrmaster"]
[Result "1/2-1/2"]
[WhiteElo "2177"]
[BlackElo "2259"]

1. e4 e5 2. Nf3 d6 3. Bc4 h6 4. O-O Nf6 5. d4 exd4 6. e5 Ng8 7. Qxd4 Nc6 8. Qe3
Be7 9. Nc3 dxe5 10. Nxe5 Nxe5 11. Qxe5 Nf6 12. Re1 Qd6 13. Nb5 Qxe5 14. Rxe5 Kd8
15. Nxc7 Bd6 16. Nxa8 Bxe5 17. Bxf7 Ke7 18. Bb3 Bf5 19. Be3 Rxa8 20. Re1 Kd7 21.
Bxh6 Bxh2+ 22. Kxh2 gxh6 23. f3 Rc8 24. g4 Nxg4+ 25. fxg4 Bxg4 26. Kg3 h5 27. c3
Kd6 28. Re3 b5 29. Kh4 Rf8 30. Bd1 Bxd1 31. Rd3+ Kc6 32. Rxd1 Rf2 33. Rb1 Rf5
34. Rd1 Kc5 35. Rd4 a5 36. a3 a4 37. Rd2 Rd5 38. Rf2 Kc4 39. Rf4+ Kd3 40. Kh3
Re5 41. Rb4 Ke3 42. Kg3 Rg5+ 43. Kh3 Kf3 44. c4 bxc4 45. Rxc4 Rg3+ 46. Kh2 Rg4
47. Rc3+ Ke4 48. Kh3 Kd4 49. Rc2 Re4 50. Rc7 h4 51. Rb7 Kd3 52. b3 1/2-1/2

[Event "AUTO-MASTER-2058"]
[Site "http://www.queenalice.com/game.php?id=1296352"]
[Date "2014.7.21"]
[Round "2"]
[White "lrmaster"]
[Black "JailtonMaster"]
[Result "1-0"]
[WhiteElo "2257"]
[BlackElo "2095"]

1. d4 d5 2. Bf4 Nf6 3. h3 g6 4. Nf3 Bg7 5. e3 O-O 6. c4 c6 7. Nc3 Nbd7 8. c5 Nh5
9. Bh2 Re8 10. b4 a6 11. Be2 e5 12. Nxe5 Nxe5 13. Bxe5 Bxe5 14. Bxh5 Qg5 15. Bf3
Bf4 16. Qc1 Qh4 17. g3 Bxg3 18. fxg3 Qxg3+ 19. Ke2 Bxh3 20. Qg1 Qh4 21. Kd2 a5
22. bxa5 Rxa5 23. Bg2 1-0

[Event "AUTO-MASTER-2058"]
[Site "http://www.queenalice.com/game.php?id=1296353"]
[Date "2014.7.21"]
[Round "2"]
[White "JailtonMaster"]
[Black "lrmaster"]
[Result "0-1"]
[WhiteElo "2107"]
[BlackElo "2264"]

1. e4 e5 2. Nf3 d6 3. d4 exd4 4. Nxd4 h6 5. Nc3 Nf6 6. f3 Be7 7. Bc4 O-O 8. O-O
a6 9. Be3 c5 10. Nf5 Bxf5 11. exf5 b5 12. Be2 Nc6 13. Ne4 Qc7 14. Bf4 Rad8 15.
a4 Nxe4 16. fxe4 Rb8 17. Ra3 b4 18. Rg3 Kh7 19. Bxa6 Nd4 20. c3 bxc3 21. bxc3
Nc6 22. Bxh6 gxh6 23. f6 Rg8 24. fxe7 Qxe7 25. Qd5 Ne5 26. Rh3 Qd7 27. Bc4 Qxh3
28. Rxf7+ Kh8 29. Rf2 Rb1+ 0-1

[Event "AUTO-MASTER-2172"]
[Site "http://www.queenalice.com/game.php?id=1315225"]
[Date "2014.10.13"]
[Round "1"]
[White "clovis"]
[Black "lrmaster"]
[Result "0-1"]
[WhiteElo "1978"]
[BlackElo "2281"]

1. e4 e5 2. Nc3 Nf6 3. Bc4 Bc5 4. Nf3 d6 5. d3 h6 6. Be3 Bxe3 7. fxe3 O-O 8. O-O
a6 9. Qe1 Nbd7 10. Nh4 b5 11. Bb3 Nc5 12. Nf5 Nxb3 13. axb3 Bxf5 14. Rxf5 c6 15.
Qg3 Kh7 16. Raf1 Qe7 17. Qh4 Qa7 18. Nd1 Ng8 19. Nf2 Qxe3 20. Kh1 Qc5 21. Ng4
Qxc2 22. h3 Qxd3 23. Rxf7 Rxf7 24. Rxf7 Qxb3 25. Nxh6 Nxh6 26. Qh5 Qxf7 0-1

[Event "AUTO-MASTER-2172"]
[Site "http://www.queenalice.com/game.php?id=1315226"]
[Date "2014.10.13"]
[Round "1"]
[White "lrmaster"]
[Black "clovis"]
[Result "1-0"]
[WhiteElo "2271"]
[BlackElo "2017"]

1. e4 e5 2. Nf3 Nc6 3. a3 Nf6 4. d3 Bc5 5. h3 d6 6. Be2 Be6 7. c4 O-O 8. O-O Qd7
9. Nc3 Bxh3 10. gxh3 Qxh3 11. Ne1 Qg3+ 12. Ng2 Qh3 13. Nd5 Nd4 14. Nxf6+ gxf6
15. Bg4 1-0

[Event "AUTO-MASTER-2172"]
[Site "http://www.queenalice.com/game.php?id=1315239"]
[Date "2014.10.13"]
[Round "1"]
[White "Canaye"]
[Black "lrmaster"]
[Result "0-1"]
[WhiteElo "1859"]
[BlackElo "2284"]

1. d4 d5 2. c4 c6 3. cxd5 cxd5 4. Nc3 Nc6 5. Bf4 a6 6. e4 e6 7. Bd3 Be7 8. Nf3
h6 9. h3 Nf6 10. e5 Nd7 11. O-O O-O 12. a3 f6 13. exf6 Bxf6 14. Bc2 Qb6 15. Bd6
Re8 16. Qd3 Nf8 17. Bxf8 Rxf8 18. Na4 Qd8 19. Nc5 Qc7 20. Rfe1 Nxd4 21. Qh7+ Kf7
22. Qg6+ Ke7 23. Nxd4 Qxc5 24. Nf5+ Kd8 25. Ne3 Bxb2 26. Rab1 Bd4 27. Ba4 Qxa3
28. Bc2 b5 29. Rb3 Qc5 30. Bb1 Ra7 31. Qg3 Raf7 32. f3 Bxe3+ 33. Rbxe3 g5 34.
Bg6 Rf4 35. Bh5 R8f6 36. Kh2 d4 37. Re5 Qd6 38. R5e4 d3 39. Rxf4 Rxf4 40. Qf2
Rxf3+ 0-1

[Event "AUTO-MASTER-2172"]
[Site "http://www.queenalice.com/game.php?id=1315240"]
[Date "2014.10.13"]
[Round "1"]
[White "lrmaster"]
[Black "Canaye"]
[Result "1-0"]
[WhiteElo "2275"]
[BlackElo "1868"]

1. d4 e6 2. Nf3 c5 3. c3 d5 4. Bf4 Nc6 5. e3 cxd4 6. exd4 Bd6 7. Be3 Qb6 8. Qc2
Nf6 9. h3 Qc7 10. Bd3 Bd7 11. O-O h6 12. b4 a6 13. Nbd2 b5 14. Nb3 g5 15. Rfe1
O-O-O 16. Nc5 Qa7 17. Nxd7 Qxd7 18. a4 Na7 19. axb5 axb5 20. Ne5 Qc7 21. Ra5 g4
22. Qa2 Bxe5 23. dxe5 Qxe5 24. Rxa7 Qd6 25. Bxb5 Nd7 26. Bxd7+ 1-0

[Event "AUTO-MASTER-2172"]
[Site "http://www.queenalice.com/game.php?id=1315247"]
[Date "2014.10.13"]
[Round "1"]
[White "rubenov"]
[Black "lrmaster"]
[Result "0-1"]
[WhiteElo "2039"]
[BlackElo "2276"]

1. d4 d5 2. Nf3 Bf5 3. e3 a6 4. c3 h6 5. Nbd2 e6 6. Nb3 Nf6 7. Bd3 Bxd3 8. Qxd3
Be7 9. O-O O-O 10. Re1 Re8 11. Bd2 Nbd7 12. h3 c5 13. dxc5 Nxc5 14. Nxc5 Bxc5
15. Ne5 Bd6 16. Nf3 b5 17. a3 Rc8 18. Rad1 Ne4 19. Bc1 Nc5 20. Qc2 f5 21. Nd4
Qf6 22. Nb3 Ne4 23. Rf1 Qe5 24. f4 Qf6 25. Nd4 Rc7 26. Qe2 Ng3 0-1

[Event "AUTO-MASTER-2172"]
[Site "http://www.queenalice.com/game.php?id=1315248"]
[Date "2014.10.13"]
[Round "1"]
[White "lrmaster"]
[Black "rubenov"]
[Result "1-0"]
[WhiteElo "2285"]
[BlackElo "1882"]

1. d4 d5 2. Bf4 Nf6 3. h3 c6 4. Nf3 e6 5. e3 Be7 6. Be2 O-O 7. O-O Nbd7 8. a3
Nb6 9. Nbd2 Bd6 10. Bxd6 Qxd6 11. b4 Na4 12. Qe1 Nc3 13. Bd3 Nce4 14. Nb3 a6 15.
Ne5 h6 16. Nc5 Nxc5 17. bxc5 Qc7 18. c4 Nd7 19. Nf3 dxc4 20. Bxc4 Nf6 21. Qd1
Nd5 22. Qc2 Bd7 23. Ne5 Be8 24. Ba2 Qe7 25. Nc4 f5 26. Nd6 Bg6 27. Bxd5 exd5 28.
Qb3 Rab8 29. f4 Qc7 30. Qc3 b5 31. Qd3 Bh7 32. Rf2 a5 33. Rb1 a4 34. Qd2 Qe7 35.
g3 g5 36. Rbf1 Qe6 37. fxg5 hxg5 38. e4 fxe4 39. Qxg5+ Qg6 40. Qe5 Rxf2 41. Rxf2
Rf8 42. Rxf8+ Kxf8 43. g4 Bg8 44. Nf5 Be6 45. Qd6+ Kf7 46. Qe7+ Kg8 47. Qd8+ Kh7
48. Qh4+ 1-0

[Event "AUTO-MASTER-2172"]
[Site "http://www.queenalice.com/game.php?id=1346600"]
[Date "2015.3.9"]
[Round "2"]
[White "Faster"]
[Black "lrmaster"]
[Result "1-0"]
[WhiteElo "2353"]
[BlackElo "2308"]

1. e4 e5 2. Nf3 d6 3. Bc4 h6 4. d4 exd4 5. O-O Nf6 6. e5 dxe5 7. Nxe5 Be6 8.
Bxe6 fxe6 9. Qd3 Rh7 10. Qg6+ Ke7 11. Qf7+ Kd6 12. Nc4+ Kc5 13. Qxe6 Nc6 14. Nc3
dxc3 15. b4+ Kxb4 16. Rb1+ Ka4 17. Nd6 Na5 18. Qe5 1-0

[Event "AUTO-MASTER-2172"]
[Site "http://www.queenalice.com/game.php?id=1346601"]
[Date "2015.3.9"]
[Round "2"]
[White "lrmaster"]
[Black "Faster"]
[Result "0-1"]
[WhiteElo "2297"]
[BlackElo "2364"]

1. e4 e5 2. Bc4 Nf6 3. d3 Bc5 4. h3 c6 5. Nc3 d5 6. exd5 cxd5 7. Bb3 Bb4 8. Bd2
Nc6 9. a3 Ba5 10. Nge2 h6 11. O-O O-O 12. Re1 Bf5 13. Ng3 Bg6 14. Ba2 Re8 15. b4
Bc7 16. Nf1 Nd4 17. Nh2 e4 18. dxe4 Bh5 19. Qc1 dxe4 20. Be3 Bxh2+ 0-1